| 000 | 00729nam a22002777a 4500 | ||
|---|---|---|---|
| 003 | IBSLLIB | ||
| 005 | 20260515074340.0 | ||
| 008 | 260515b |||||||| |||| 00| 0 eng d | ||
| 020 | _a8177583867 | ||
| 040 |
_aIBSLLIB _beng |
||
| 041 | _hEnglish | ||
| 082 |
_a338.5 _bPET |
||
| 100 | _aPetersen H .Craig | ||
| 245 | _aManagerial Economics | ||
| 260 |
_aIndia : _bPearson Education , _c2006 |
||
| 300 |
_a623 P ; _c24 cm |
||
| 650 | _aManagerial Economics | ||
| 653 | _aDemand | ||
| 653 | _aProduction And Costs | ||
| 653 | _aMarket Structure | ||
| 653 | _aRisk And Capital Budgeting | ||
| 653 | _aTaxation | ||
| 700 |
_aLewis , Chris .W _eCo-author |
||
| 700 |
_aJain , .K Sudhir _eCo- Author |
||
| 942 | _cLBK | ||
| 999 |
_c22146 _d22146 |
||